000 02229nam a2200349 a 4500
001 BRCA_2495
005 20190320203833.0
008 241108s1850----sp-a---###---#000-0dspa-u
041 _aspa
044 _asp
084 _a135
_b.G38
_c1850
100 1 _aCervantes Saavedra, Miguel de
_d1547-1616
_9213
245 1 0 _aEl Ingenioso Hidalgo Don Quijote de la Mancha
_ccompuesto por Miguel de Cervantes Saavedra.
260 _aMadrid
_bGaspar y Roig
_c1850
300 _a1 v. (en varias paginaciones)
_bil.
_c27 cm.
500 _aContenido : Primera parte. Nota de los editores. Retrato de Cervantes. Dedicatoria del autor. Prólogo del autor. Versos preliminares. Texto. Segunda parte. Documentos de la edición príncipe. Dedicatoria del autor. Prólogo del autor. Observaciones críticas. Vida de Cervantes por J. M. Quintana. Poesías de varios literatos españoles en honor de Cervantes. Texto. El Buscapié con sus notas e ilustraciones
500 _aEdición : Novísima edición clásica ilustrada. Con notas históricas gramaticales y críticas. Según las de la Academia Española y sus individuos de número Pellicer, Arrieta, Clemencín y F. Sales. Aumentada con El Buscapié anotado por Adolfo de Castro. Grabados ejecutados por los mejores artistas españoles
500 _aCopia exacta de la edición de los mismos editores de 1847, aumentada con el Buscapié, superchería de A. de Castro, y sus notas. Excelentementeencuadernado en piel parda clara; lomeras y cubiertas gofradas Lúdovik Osterc
500 _aQM119
650 1 4 _aNovela española
_yÉpoca clásica, 1500-1700
_9215
650 1 4 _aLiteratura española
_yÉpoca clásica, 1500-1700
_9216
650 1 4 _aNovela española
_ySiglo XVII
_9217
650 1 4 _aDon Quijote (Personaje ficticio)
_eNovela
_9218
700 1 _aQuintana, José Manuel
_d1772-1857
_eBiógrafo
_97192
700 1 _aPellicer y Pilares, Juan Antonio
_d1738-1806
_eBiógrafo
_97193
700 1 _aGarcía Arrieta, Agustín
_d1775-1834
_eAnotador
_97194
700 1 _aClemencín y Viñas, Diego
_d1785-1834
_eAnotador
_97195
700 1 _aCastro y Rossi, Adolfo de
_d1823-1898
_eAnotador
_97196
740 0 _aEl Ingenioso Hidalgo Don Quijote de la Mancha
902 _aQFM
942 _2lcc
_cB
999 _c2236
_d2236